| 000 | 00906nas a2200289 4500 | ||
|---|---|---|---|
| 001 | BR2014005670 | ||
| 003 | BR-BrBNA | ||
| 005 | 20231205124457.0 | ||
| 007 | ta | ||
| 008 | 230509b bl.|||p| |||| 00| 00por d | ||
| 040 |
_aBR-BrBNA _bpor _cBiblioteca Nacional de Agricultura |
||
| 041 | _a(Pt) | ||
| 072 | _aF63 | ||
| 100 | 1 | _aRadaeski, J.N. | |
| 100 | 1 | _aEvaldt, A.C.P. | |
| 100 | 1 | _aBauermann, S.G. | |
| 100 | 1 | _aLima, G.L. de | |
| 245 | 1 | _aDiversidade de grãos de pólen e esporos dos Campos do sul do Brasil: descrições morfológicas e implicações paleoecológicas | |
| 650 | _aPÓLEN | ||
| 650 | _aGRÃO | ||
| 650 | _aMORFOLOGIA VEGETAL | ||
| 650 | _aFLORA | ||
| 650 | _aFISIOLOGIA VEGETAL | ||
| 773 | 0 |
_tIheríngia. Série Botânica (Brazil) _xISSN 0073-4705 _g(Jul 2014), v. 69(1) p. 107-132 _wBR2014005670 |
|
| 909 |
_a202311 _bLúcia _c55 _dLúcia Elande |
||
| 942 |
_2AGRIS _n0 _cANA |
||
| 999 |
_c239272 _d239272 |
||